| 000 | 00483nam a2200181Ia 4500 | ||
|---|---|---|---|
| 001 | 24471 | ||
| 005 | 20260414151045.0 | ||
| 008 | 260414t2021||||xx |||||||||||||| ||spa|| | ||
| 041 | _aESP | ||
| 082 |
_a345.7 _bV65 |
||
| 100 |
_aVilela Carbajal, Karla, _eAUT |
||
| 245 | 0 |
_aInstituciones de la tutela cautelar en el código procesal civil : _bstudios críticos |
|
| 260 | _c2021 | ||
| 300 |
_a430 páginas : _c\N |
||
| 650 | _aDER | ||
| 654 | _aCDE | ||
| 942 |
_cLIB _dJUS _fJUS _2ddc _n |
||
| 999 |
_c24471 _d24471 |
||